000 00253nam a2200109Ia 4500
008 190216s9999||||xx |||||||||||||| ||und||
100 _aJain Sp And Narag K L
245 0 _aAdvanced Cost Accounting
260 _bNull
_c1982
300 _a2095p
942 _cBK
999 _c4975
_d4975